000
00332nam a22001337a 4500
008
181015b xxu||||| |||| 00| 0 eng d
020
_a
9781572309227
041
_a
eng
080
_a
159.9
100
_a
48
101
_a
PSI
245
_a
Handbook of the Psychology of Religion and Spirituality
_c
Paloutzian,R.F
942
_2
udc
_c
BK
999
_c
49674
_d
49674